skbl

Dr Suryya Kumar Bhuyan Library Web-OPAC
ডঃ সূৰ্য্য
কুমাৰ ভূঞা পুথিভঁৰাল ৱেব-অ'পেক

All Research Scholars are advised to clear the annual library fees to continue using Library Resources, Remote Access, Plagiarism Test and Library Clearance.

Cotton University Book Fair 2026

Modern Practical Botany Vol. 1 / (Record no. 8046)

MARC details
000 -LEADER
fixed length control field 00676nam a2200253Ia 4500
001 - CONTROL NUMBER
control field 8059
005 - DATE AND TIME OF LATEST TRANSACTION
control field 20240113234048.0
007 - PHYSICAL DESCRIPTION FIXED FIELD--GENERAL INFORMATION
fixed length control field ta
008 - FIXED-LENGTH DATA ELEMENTS--GENERAL INFORMATION
fixed length control field 050715s1998 a g b000 u eng u
020 ## - INTERNATIONAL STANDARD BOOK NUMBER
International Standard Book Number 81-219-0460-9
Terms of availability Rs. 90.00
040 ## - CATALOGING SOURCE
Original cataloging agency Cotton College Assam
041 ## - LANGUAGE CODE
Language code of text/sound track or separate title eng
082 ## - DEWEY DECIMAL CLASSIFICATION NUMBER
Classification number 580
Item number Pa 192 Mo
100 ## - MAIN ENTRY--PERSONAL NAME
Personal name Pandey, B.P. .
245 #0 - TITLE STATEMENT
Title Modern Practical Botany Vol. 1 /
Statement of responsibility, etc. B.P. Pandey.
Medium Textual Documents
250 ## - EDITION STATEMENT
Edition statement 1st ed /
260 ## - PUBLICATION, DISTRIBUTION, ETC.
Place of publication, distribution, etc. New Delhi :
Name of publisher, distributor, etc. S. Chand & Company ,
Date of publication, distribution, etc. 1998.
300 ## - PHYSICAL DESCRIPTION
Extent 382p. :
Other physical details ill ;
Dimensions 24cm. .
365 ## - TRADE PRICE
Price type code Rs. 90.00
653 ## - INDEX TERM--UNCONTROLLED
Uncontrolled term Botany
942 ## - ADDED ENTRY ELEMENTS (KOHA)
Source of classification or shelving scheme Dewey Decimal Classification
Koha item type Books
Holdings
Withdrawn status Lost status Damaged status Not for loan Collection Home library Current library Date acquired Coded location qualifier Cost, normal purchase price Total checkouts Full call number Barcode Date last seen Copy number Price effective from Koha item type
          Dr. Suryya Kumar Bhuyan Library Dr. Suryya Kumar Bhuyan Library 01/02/2012 00000 90.00   580 Pa 192 Mo 570/Bot 13/01/2024 1 01/02/2012 Books

Designed and Maintained by Team SKBL
©1901-2026

Powered by Koha